| 000 | 00680cam a22002051a 4500 | ||
|---|---|---|---|
| 001 | e 11002141 | ||
| 003 | DLC | ||
| 005 | 20260227111156.0 | ||
| 008 | 810806s1881 gw 000 0 ger c | ||
| 010 | _ae 11002141 | ||
| 035 | _a(OCoLC)7647501 | ||
| 040 |
_aU.S. Bur. of Ed. Lib. _cDNIE _dDLC |
||
| 042 | _apremarc | ||
| 050 | 1 | 0 |
_aLB775.M3656442 _bW34 |
| 100 | 1 | _aWalter, Louis. | |
| 245 | 1 | 0 |
_aBertha v. Marenholtz-Bülow in ihrer Bedeutung für das Werk Fr. Fröbels : _bihr Leben und ihre Schriften / _cskizzirt von Louis Walter. |
| 260 |
_aDresden : _bHuhle, _c1881. |
||
| 300 |
_a156 p. ; _c18 cm. |
||
| 600 | 2 | 0 |
_aMarenholtz-Bülow, Bertha Marie, _cFreifrau von, _d1810-1893. |
| 999 |
_c19262 _d19262 |
||